| 000 | 01055nam a22002417a 4500 | ||
|---|---|---|---|
| 001 | 64375 | ||
| 003 | UA-OsUOA | ||
| 005 | 20220525120548.0 | ||
| 007 | ta | ||
| 008 | 20091104b un ||||| |||| 00| 0 ukr d | ||
| 040 |
_aUA-OsUOA _brus _cUA-OsUOA _dUA-OsUOA |
||
| 041 | _arus | ||
| 080 | _a94(476)(031) | ||
| 090 |
_a94(476)(031) _bБ43 |
||
| 245 |
_aБелорусская ССР _bкраткая энциклопедия |
||
| 260 |
_aМинск _bГлавная редакция белорусской советской энциклопедии _c1979 |
||
| 300 | _a767 с. | ||
| 505 |
_gТ. 1 _tИстория. Общественный и государственный строй. Законодательство и право. Административно-территориальное устройство. Населенные пункты. Международные связи |
||
| 650 | 7 |
_2UDC _a94 Історія загалом |
|
| 942 |
_cBK _2udc |
||
| 955 | _a7 | ||
| 999 |
_c350286 _d350286 |
||